Statistics for Animal Words With Alternative Meanings - Picture Quiz

Click here to take the quiz!

General Stats

  • This quiz has been taken 22 times
  • The average score is 10 of 15

Answer Stats

Answer% Correct
Cricket
100%
Bat
90%
Crane
90%
Croc(odile)
90%
Rook
90%
Mullet
80%
Tick
80%
Seal
75%
Ram
70%
Snipe
70%
Frog
65%
Caterpillar
50%
Monkey
40%
Duck
30%
Camel
25%

Score Distribution

Percentile by Number Answered

Percent of People with Each Score

Your Score History

You have not taken this quiz